Vista normal
Vista MARC
Entrada Personal Name
Número de registros utilizados en: 1
001 - CONTROL NUMBER
- control field: 11354
003 - CONTROL NUMBER IDENTIFIER
- control field: OSt
005 - DATE AND TIME OF LATEST TRANSACTION
- control field: 20201008151051.0
008 - FIXED-LENGTH DATA ELEMENTS
- fixed length control field: 201008|| aca||aabn | a|a d
040 ## - CATALOGING SOURCE
- Original cataloging agency: OSt
- Transcribing agency: OSt
100 ## - HEADING--PERSONAL NAME
- Personal name: Ronchi, Luciano
670 ## - SOURCE DATA FOUND
- Source citation: Work cat.: (OSt)6029: Ronchi, Luciano, autor, Control económico y financiero por la alta dirección /, 1974.